[Event "Juvisy MI"]
[Site "?"]
[Date "2022.07.27"]
[Round "5"]
[White "Bon, Michael"]
[Black "Lazo, Andrei"]
[Result "1-0"]
[WhiteElo "2413"]
[BlackElo "2234"]
[PlyCount "125"]
[SourceDate "2022.07.22"]

1. e4 e6 2. d4 d5 3. e5 c5 4. c3 Qb6 5. Nf3 Bd7 6. Bd3 Bb5 7. dxc5 Bxc5 8. b4
Be7 9. Be3 Qa6 10. Bc2 Bc4 11. a4 Nd7 12. Na3 f6 13. b5 Qa5 14. Nxc4 dxc4 15.
Bd4 f5 16. Qe2 Rc8 17. Nd2 Qc7 18. Bb1 Bc5 19. Ba2 Bxd4 20. cxd4 Nb6 21. O-O c3
22. Rac1 Qd7 23. Nc4 Nxc4 24. Bxc4 Qxd4 25. Bxe6 Rc5 26. Bxg8 Rxg8 27. Qh5+ Ke7
28. Qxh7 Qd5 29. Qxf5 Qe6 30. Qf3 Rgc8 31. Qxb7+ R8c7 32. Qf3 c2 33. Qd3 Kf7
34. Rfe1 Rxe5 35. Re3 Rd5 36. Qe2 Qd7 37. Qf3+ Kg8 38. Ree1 Rd2 39. g3 g6 40.
Kg2 Kg7 41. Re2 Rxe2 42. Qxe2 Qd5+ 43. Kg1 Qc5 44. a5 Kf7 45. Kg2 Kg7 46. h4
Qd5+ 47. Kh2 Qc5 48. b6 axb6 49. axb6 Qxb6 50. Rxc2 Rf7 51. Rd2 Qc5 52. Kg1 Re7
53. Qd1 Rf7 54. Re2 Kh7 55. Qe1 Rc7 56. Re5 Qa3 57. Kh2 Qf3 58. Qe3 Qf7 59. Kg2
Ra7 60. h5 gxh5 61. Qg5 Qb7+ 62. Kh2 Ra1 63. Re7+ 1-0

[Event "Juvisy MI"]
[Site "?"]
[Date "2022.07.28"]
[Round "6"]
[White "Belkhodja, Slim"]
[Black "Shirazi, Kamram"]
[Result "1/2-1/2"]
[WhiteElo "2322"]
[BlackElo "2310"]
[PlyCount "24"]
[SourceDate "2022.07.22"]

1. e4 e5 2. Nf3 Nc6 3. Nc3 Nf6 4. d4 d5 5. dxe5 dxe4 6. Qxd8+ Nxd8 7. exf6 exf3
8. fxg7 Bxg7 9. gxf3 Bf5 10. Ne4 Ne6 11. c3 O-O-O 12. Be3 Bxe4 1/2-1/2

[Event "Juvisy MI"]
[Site "?"]
[Date "2022.07.28"]
[Round "6"]
[White "Youssoupov, Moisse"]
[Black "Bon, Mickael"]
[Result "0-1"]
[WhiteElo "2414"]
[BlackElo "2329"]
[PlyCount "128"]
[EventDate "2022.??.??"]
[SourceDate "2022.07.22"]

1. c4 e5 2. Nc3 Nf6 3. Nf3 Nc6 4. e4 Bb4 5. d3 d6 6. a3 Bxc3+ 7. bxc3 h6 8. g3
O-O 9. Bg2 Re8 10. O-O a6 11. Nh4 b5 12. cxb5 axb5 13. Rb1 Rb8 14. f4 exf4 15.
gxf4 Nxe4 16. dxe4 Qxh4 17. Qd3 Bd7 18. Bd2 Ne7 19. Be1 Qf6 20. Rd1 Be6 21. Qd2
Bb3 22. Rc1 Bc4 23. Rf3 Ng6 24. f5 Nh4 25. Rg3 d5 26. Bf2 dxe4 27. Bd4 e3 28.
Qe1 Re5 29. Bxe5 Qxe5 30. Rxe3 Qc5 31. Qf2 Qxa3 32. Rce1 Nxg2 33. Qxg2 Qd6 34.
Rg3 Qf6 35. h3 Rd8 36. Qf2 Rd5 37. Rf3 Qg5+ 38. Rg3 Qxf5 39. Qg2 Qf6 40. Re8+
Kh7 41. Ree3 g6 42. Re1 Qd6 43. Rg4 Rd3 44. Qf2 Rd2 45. Qg3 Qc5+ 46. Qe3 Qd5
47. Qe4 Rd3 48. Qxd5 Bxd5 49. Rd4 Rxd4 50. cxd4 b4 51. Kf2 g5 52. Re8 c6 53.
Kg3 Kg6 54. Rg8+ Kf5 55. Re8 b3 56. h4 Bc4 57. Re5+ Kf6 58. Rc5 Bd5 59. Rc1 Be4
60. d5 b2 61. Rf1+ Ke7 62. dxc6 b1=Q 63. c7 Qxf1 64. c8=N+ Kf6 0-1

[Event "Juvisy MI"]
[Site "?"]
[Date "2022.07.28"]
[Round "6"]
[White "Lazo, Andrei"]
[Black "Razfindratsima, Timothe"]
[Result "0-1"]
[WhiteElo "2234"]
[BlackElo "2416"]
[PlyCount "80"]
[SourceDate "2022.07.22"]

1. d4 Nf6 2. c4 g6 3. Nc3 d5 4. cxd5 Nxd5 5. e4 Nxc3 6. bxc3 Bg7 7. Ba3 Nd7 8.
Bc4 c5 9. Qb3 O-O 10. Nf3 b5 11. Bxb5 Rb8 12. Qa4 Nb6 13. Qa5 cxd4 14. cxd4 Bg4
15. Bc5 Bxf3 16. gxf3 Bxd4 17. Rd1 e5 18. Bxf8 Kxf8 19. h4 Kg7 20. Kf1 Rc8 21.
Be2 Qe7 22. h5 Rc2 23. hxg6 hxg6 24. Rh2 Rb2 25. a3 Qc7 26. Qa6 Rb3 27. a4 Rb2
28. f4 Qc2 29. a5 Rb1 30. Rxb1 Qxb1+ 31. Kg2 Qxe4+ 32. f3 Qe3 33. axb6 Qg1+ 34.
Kh3 exf4 35. Rg2 Qh1+ 36. Rh2 Qe1 37. Rg2 Bf6 38. Rxg6+ fxg6 39. Kg2 Qg3+ 40.
Kf1 Bd4 0-1

[Event "Juvisy MI"]
[Site "?"]
[Date "2022.07.28"]
[Round "6"]
[White "Bouget, Alexandre"]
[Black "Bonte, Andrei Mihai"]
[Result "1-0"]
[WhiteElo "2282"]
[BlackElo "2329"]
[PlyCount "81"]
[SourceDate "2022.07.22"]

1. d4 Nf6 2. c4 e6 3. Nc3 Bb4 4. Nf3 d5 5. cxd5 exd5 6. Bf4 O-O 7. e3 c5 8. Be2
Ne4 9. Rc1 Qa5 10. O-O Bxc3 11. bxc3 Nxc3 12. Rxc3 Qxc3 13. Bd6 c4 14. Qb1 Nc6
15. Bxf8 Kxf8 16. Qxh7 Ne7 17. Qh8+ Ng8 18. Ng5 Be6 19. Nh7+ Ke7 20. Qxg7 Qc2
21. Bh5 Qf5 22. g4 Qf3 23. e4 Nf6 24. Nxf6 Qxf6 25. Qxf6+ Kxf6 26. e5+ Kg7 27.
f4 c3 28. f5 Bd7 29. Kf2 c2 30. Rc1 Rc8 31. Ke3 Ba4 32. Kd2 Rc4 33. Kd3 b5 34.
g5 b4 35. f6+ Kf8 36. g6 Rc3+ 37. Kd2 fxg6 38. Bxg6 Rc4 39. e6 Rxd4+ 40. Ke3
Rd1 41. e7+ 1-0

[Event "Juvisy MI"]
[Site "?"]
[Date "2022.07.28"]
[Round "6"]
[White "Bellahcene, Bilel"]
[Black "Droin, Alexandre"]
[Result "0-1"]
[WhiteElo "2514"]
[BlackElo "2391"]
[PlyCount "106"]
[SourceDate "2022.07.22"]

1. e4 c5 2. Nf3 d6 3. d4 cxd4 4. Nxd4 Nf6 5. Nc3 e5 6. Nb3 Be7 7. Be2 Be6 8.
Bf3 a6 9. Be3 Nbd7 10. a4 Rc8 11. O-O O-O 12. a5 Rxc3 13. bxc3 Qc7 14. Nd2 Qxc3
15. Qb1 d5 16. exd5 Nxd5 17. Qb3 Qxb3 18. cxb3 f5 19. Bxd5 Bxd5 20. f3 Nc5 21.
Rab1 Nd3 22. Bb6 Rc8 23. Rfd1 e4 24. fxe4 fxe4 25. Nf1 Bb4 26. Ne3 Be6 27. Rf1
Rc6 28. Kh1 Rxb6 29. axb6 Bc5 30. Nc4 Nf2+ 31. Rxf2 Bxf2 32. Rf1 Bc5 33. Rf4
Bxc4 34. bxc4 e3 35. Re4 Bxb6 36. Kg1 Kf7 37. Kf1 Bc5 38. Ke2 a5 39. Kd3 b6 40.
Rf4+ Ke6 41. Re4+ Kf5 42. Re8 a4 43. Ra8 a3 44. Ra7 Kf6 45. Ra8 h5 46. Ra7 h4
47. Ra8 Kf5 48. Ra7 g5 49. Rf7+ Kg4 50. Rf1 h3 51. g3 Bd6 52. Ra1 Kf3 53. Ra2
Bb4 0-1

[Event "Juvisy MI"]
[Site "?"]
[Date "2022.07.29"]
[Round "7"]
[White "Bonte, Andrei Mihai"]
[Black "Bellahcene, Bilel"]
[Result "1/2-1/2"]
[WhiteElo "2329"]
[BlackElo "2514"]
[PlyCount "71"]
[SourceDate "2022.07.22"]

1. d4 Nf6 2. Nf3 e6 3. c4 Bb4+ 4. Bd2 Qe7 5. e3 Bxd2+ 6. Qxd2 b6 7. Nc3 Bb7 8.
d5 O-O 9. Be2 a5 10. O-O Ne8 11. Nd4 Na6 12. e4 Nc5 13. Rfe1 g6 14. Bf1 e5 15.
Nc2 d6 16. g3 Ng7 17. Bg2 Rae8 18. Rf1 Bc8 19. Rae1 f5 20. exf5 Bxf5 21. Ne4
Nxe4 22. Bxe4 Qd7 23. Bxf5 Rxf5 24. f4 exf4 25. Rxe8+ Qxe8 26. Nd4 fxg3 27.
Nxf5 gxh2+ 28. Kxh2 Nxf5 29. Re1 Qd8 30. Qf4 Qf6 31. Re2 Kg7 32. b3 h5 33. Kg1
h4 34. Kh2 Kf7 35. Kg2 Kg7 36. Kh2 1/2-1/2

[Event "Juvisy MI"]
[Site "?"]
[Date "2022.07.29"]
[Round "7"]
[White "Shirazi, Kamram"]
[Black "Lazo, Andrei"]
[Result "1-0"]
[WhiteElo "2310"]
[BlackElo "2234"]
[PlyCount "83"]
[SourceDate "2022.07.22"]

1. e4 e6 2. d4 d5 3. Nc3 Nf6 4. exd5 exd5 5. a3 Bf5 6. h3 c5 7. Nf3 c4 8. g4
Bg6 9. Ne5 Nc6 10. Bg2 Qb6 11. g5 Ne4 12. Nxg6 hxg6 13. Nxe4 dxe4 14. c3 Rh4
15. Qe2 Qb5 16. a4 Qa6 17. Bxe4 O-O-O 18. Bg2 Kd7 19. O-O Bd6 20. Bd5 Qa5 21.
Qf3 f5 22. Bxc4 Rdh8 23. b4 Qd8 24. Qd5 Kc7 25. Qf7+ Kb8 26. Re1 Rxh3 27. Bd5
Rxc3 28. b5 Ne7 29. Bg2 Rc7 30. a5 Nc6 31. Qd5 Bh2+ 32. Kf1 Qxd5 33. Bxd5 Nxd4
34. b6 Rc5 35. Bg2 axb6 36. axb6 f4 37. Ba3 Rc6 38. Bxc6 bxc6 39. Bd6+ Kb7 40.
Bc5 f3 41. Re7+ Bc7 42. Ra7+ 1-0

[Event "Juvisy MI"]
[Site "?"]
[Date "2022.07.29"]
[Round "7"]
[White "Bon, Michael"]
[Black "Bouget, Alexandre"]
[Result "0-1"]
[WhiteElo "2413"]
[BlackElo "2282"]
[PlyCount "94"]
[SourceDate "2022.07.22"]

1. e4 e5 2. Nc3 Nf6 3. Nf3 Nc6 4. Bb5 Nd4 5. Bc4 Bc5 6. Nxe5 Qe7 7. Nf3 d5 8.
Nxd5 Qxe4+ 9. Ne3 Bg4 10. Be2 Nxe2 11. Qxe2 O-O-O 12. d3 Qe6 13. Ng5 Qd7 14.
Nxg4 Nxg4 15. O-O Rhe8 16. Qd2 Qd6 17. Nf3 Qb6 18. b4 Qxb4 19. c3 Qa4 20. d4
Bd6 21. Qg5 Qd7 22. h3 Nf6 23. c4 c6 24. Rb1 Ne4 25. Qa5 b6 26. Qa6+ Qb7 27.
Qxb7+ Kxb7 28. Rb3 Bc7 29. Be3 f5 30. Rd1 f4 31. Bc1 g5 32. Rbd3 h5 33. Bb2 g4
34. Nd2 Nd6 35. Kf1 Nf5 36. Nb3 f3 37. hxg4 fxg2+ 38. Kxg2 hxg4 39. d5 c5 40.
Rh1 Re2 41. Bc1 Rf8 42. Bg5 Ng3 43. d6 Nxh1 44. Kxh1 Rfxf2 45. Kg1 Rg2+ 46. Kf1
Ref2+ 47. Ke1 g3 0-1

[Event "Juvisy MI"]
[Site "?"]
[Date "2022.07.29"]
[Round "7"]
[White "Razafindratsima, Timothe"]
[Black "Youssoupov, Moisse"]
[Result "1-0"]
[WhiteElo "2416"]
[BlackElo "2321"]
[PlyCount "159"]
[SourceDate "2022.07.22"]

1. e4 d6 2. d4 Nf6 3. Nc3 g6 4. Bg5 Bg7 5. Qd2 h6 6. Be3 c6 7. f3 Nbd7 8. O-O-O
b5 9. Kb1 Qa5 10. Nd5 Qxd2 11. Nxf6+ Bxf6 12. Rxd2 g5 13. Bd3 Rb8 14. Ne2 Nb6
15. Rdd1 Nc4 16. Bc1 e5 17. d5 cxd5 18. exd5 h5 19. Nc3 Bd7 20. Ne4 Be7 21.
Nxg5 Rg8 22. Ne4 h4 23. g4 Nb6 24. Be2 b4 25. Rhg1 a5 26. f4 f6 27. f5 Rc8 28.
Rgf1 Kd8 29. g5 fxg5 30. f6 Bf8 31. Bxg5 Kc7 32. Bxh4 Bg4 33. Rf2 Bxe2 34. Rxe2
Rg4 35. Bf2 Kb7 36. b3 Na8 37. Rg1 Rf4 38. Bg3 Rf3 39. Rc1 Nc7 40. c4 bxc3 41.
Rxc3 Rxc3 42. Nxc3 Ne8 43. Ne4 Nc7 44. Rd2 Nb5 45. Kb2 Ra8 46. a4 Nc7 47. Bf2
Rd8 48. Be3 Rd7 49. h4 Rh7 50. Bg5 Kc8 51. Kc2 Kd7 52. Kd1 Bh6 53. f7 Rxf7 54.
Bxh6 Rf3 55. Kc2 Na6 56. Kb2 Nb4 57. Bg5 Rh3 58. h5 Nd3+ 59. Ka3 Nc1 60. Rb2
Nd3 61. Nf2 Rxh5 62. Nxd3 Rxg5 63. Rh2 Rg3 64. Nb2 e4 65. Re2 Kc7 66. Rxe4 Kb6
67. Rc4 Rg1 68. Rc6+ Kb7 69. Nc4 Ra1+ 70. Kb2 Rd1 71. Nxa5+ Ka7 72. Rxd6 Rh1
73. Nc4 Rh3 74. Ka3 Rg3 75. a5 Rh3 76. Ka4 Rg3 77. b4 Kb8 78. Rd7 Kc8 79. Rf7
Rd3 80. a6 1-0

[Event "Juvisy MI"]
[Site "?"]
[Date "2022.07.29"]
[Round "7"]
[White "Droin, Augustin"]
[Black "Belkhodja, Slim"]
[Result "1-0"]
[WhiteElo "2391"]
[BlackElo "2322"]
[PlyCount "95"]
[SourceDate "2022.07.22"]

1. e4 c5 2. Nf3 e6 3. d4 cxd4 4. Nxd4 Nf6 5. Nc3 Nc6 6. Ndb5 Bb4 7. a3 Bxc3+ 8.
Nxc3 d5 9. Bd3 d4 10. Ne2 e5 11. O-O O-O 12. Bg5 h6 13. Bh4 g5 14. Bg3 Be6 15.
b4 a6 16. h4 Nd7 17. hxg5 hxg5 18. c3 dxc3 19. Rc1 Kg7 20. Rxc3 Rh8 21. Bc4
Bxc4 22. Rxc4 Rh6 23. f3 b5 24. Rc3 Nb6 25. Bf2 Rd6 26. Qc1 Nc4 27. Ng3 Kg6 28.
Nf5 Nd4 29. Bxd4 Rxd4 30. Nxd4 Qxd4+ 31. Rf2 Rh8 32. a4 f6 33. axb5 axb5 34.
Rcc2 Ra8 35. Qe1 Ra1 36. Rc1 Ra2 37. Rd1 Qa7 38. Rd7 Qb6 39. g3 Ra3 40. Kh2 Ra1
41. Qe2 Rb1 42. Rg2 Qb8 43. Rd1 Rxb4 44. Qd3 g4 45. f4 Ra4 46. Qd7 Na3 47. f5+
Kh6 48. Qf7 1-0

[Event "Juvisy MI"]
[Site "?"]
[Date "2022.07.30"]
[Round "8"]
[White "Bellahcene, Bilel"]
[Black "Belkhodja, Slim"]
[Result "1/2-1/2"]
[WhiteElo "2514"]
[BlackElo "2322"]
[PlyCount "26"]
[SourceDate "2022.07.22"]

1. e4 c5 2. Nf3 e6 3. d4 cxd4 4. Nxd4 Nf6 5. Nc3 Nc6 6. Qd3 Bc5 7. Nb3 Bb4 8.
a3 Bxc3+ 9. Qxc3 O-O 10. f3 d5 11. e5 d4 12. Nxd4 Nxd4 13. exf6 Qxf6 1/2-1/2

[Event "Juvisy MI"]
[Site "?"]
[Date "2022.07.30"]
[Round "8"]
[White "Youssoupov, Moisse"]
[Black "Shirazi, Kamram"]
[Result "0-1"]
[WhiteElo "2321"]
[BlackElo "2310"]
[PlyCount "62"]
[SourceDate "2022.07.22"]

1. d4 d5 2. Bf4 c5 3. e3 Nc6 4. c3 f6 5. Nf3 Bg4 6. Be2 e5 7. dxe5 Bxf3 8. Bxf3
fxe5 9. Bg3 e4 10. Be2 Nf6 11. Nd2 Bd6 12. Nf1 O-O 13. Bh4 Kh8 14. Ng3 h6 15.
Nf5 Be5 16. Bg3 Qd7 17. Nh4 Kh7 18. f4 Bc7 19. Qc2 d4 20. Rd1 Rad8 21. Bb5 a6
22. Bxc6 Qxc6 23. cxd4 Ba5+ 24. Kf1 Ng4 25. Bf2 cxd4 26. Qe2 dxe3 27. Qxg4
Rxd1+ 28. Qxd1 Rxf4 29. Nf3 exf3 30. Qb1+ Kh8 31. g3 Qb5+ 0-1

[Event "Juvisy MI"]
[Site "?"]
[Date "2022.07.30"]
[Round "8"]
[White "Bauget, Alexandre"]
[Black "Razafindratsima, Timothe"]
[Result "1/2-1/2"]
[WhiteElo "2282"]
[BlackElo "2416"]
[PlyCount "47"]
[SourceDate "2022.07.22"]

1. d4 Nf6 2. c4 g6 3. Nc3 d5 4. cxd5 Nxd5 5. e4 Nxc3 6. bxc3 Bg7 7. Bc4 O-O 8.
Ne2 Nc6 9. h4 e5 10. d5 Na5 11. Bb3 c5 12. c4 b6 13. Bg5 f6 14. Bd2 Nb7 15. h5
Nd6 16. Nc3 f5 17. hxg6 hxg6 18. exf5 Bxf5 19. Be3 Qf6 20. Rc1 Rae8 21. Nb5 Ne4
22. Nxa7 Re7 23. Nb5 Bd7 24. Qc2 1/2-1/2

[Event "Juvisy MI"]
[Site "?"]
[Date "2022.07.30"]
[Round "8"]
[White "Lazo, Andrei"]
[Black "Droin , Augustin"]
[Result "0-1"]
[WhiteElo "2234"]
[BlackElo "2391"]
[PlyCount "116"]
[SourceDate "2022.07.22"]

1. d4 Nf6 2. c4 e6 3. Nf3 Bb4+ 4. Nbd2 b6 5. a3 Bxd2+ 6. Qxd2 Bb7 7. e3 a5 8.
b3 d5 9. Bb2 Nbd7 10. Qc2 O-O 11. c5 bxc5 12. dxc5 c6 13. Ne5 Nxe5 14. Bxe5 Ne4
15. f3 Qh4+ 16. g3 Qh5 17. Bf4 e5 18. fxe4 exf4 19. Qd1 Qg6 20. Qf3 fxe3 21.
O-O-O Rfe8 22. Qxe3 Qf6 23. Qd4 Qg5+ 24. Qd2 Qxd2+ 25. Kxd2 Rxe4 26. Bd3 Re6
27. Rde1 Rae8 28. b4 axb4 29. axb4 Ra8 30. Ra1 Ree8 31. Kc3 g6 32. Kd4 Kf8 33.
Rhf1 Kg7 34. Rxa8 Rxa8 35. Ke5 Ra3 36. Rd1 Rb3 37. b5 cxb5 38. Kd6 b4 39. Kc7
Ba8 40. Bb5 Rc3 41. Kb6 b3 42. Rd4 b2 43. Rb4 Rc2 44. h4 d4 45. c6 d3 46. Bxd3
Rxc6+ 47. Ka7 Rc3 48. Bb1 Bd5 49. Rxb2 Rxg3 50. Rb4 Rb3 51. Rxb3 Bxb3 52. Be4
Bd1 53. Kb6 Kh6 54. Kc5 Kh5 55. Bd5 f5 56. Bg8 h6 57. Bf7 f4 58. Kd4 Bc2 0-1

[Event "Juvisy MI"]
[Site "?"]
[Date "2022.07.30"]
[Round "8"]
[White "Bonte, Andre Mihai"]
[Black "Bon, Mickael"]
[Result "1-0"]
[WhiteElo "2329"]
[BlackElo "2413"]
[PlyCount "109"]
[SourceDate "2022.07.22"]

1. d4 d5 2. Nf3 Nf6 3. Bf4 c5 4. e3 Nc6 5. Nbd2 Nh5 6. dxc5 Nxf4 7. exf4 e6 8.
Nb3 Bxc5 9. Nxc5 Qa5+ 10. c3 Qxc5 11. Bd3 Bd7 12. O-O f6 13. Qd2 Qd6 14. Rfe1
O-O-O 15. Rad1 h6 16. Bf1 Be8 17. Qe3 Bh5 18. Qxe6+ Qxe6 19. Rxe6 d4 20. Rc1
Bxf3 21. gxf3 dxc3 22. Rxc3 Kb8 23. Bd3 Nd4 24. Re3 Rd7 25. f5 Rc8 26. Be4 Rxc3
27. bxc3 Nb5 28. c4 Nd4 29. c5 Kc7 30. Kg2 Nc6 31. Kg3 Rd2 32. a3 Nd4 33. h4 a5
34. Re1 Ra2 35. Bd5 Re2 36. Rb1 Nc6 37. Rb5 Rd2 38. Bxc6 Kxc6 39. Rxa5 h5 40.
Ra8 Kxc5 41. Rc8+ Kd4 42. a4 b6 43. Rd8+ Kc4 44. Rb8 Rb2 45. Rb7 Rb4 46. Rxg7
Kd4 47. Re7 Kc5 48. Re6 Rxa4 49. Rxf6 Ra8 50. Kf4 b5 51. Re6 b4 52. Re1 b3 53.
f6 Kd6 54. Kf5 b2 55. f7 1-0

[Event "Juvisy MI"]
[Site "?"]
[Date "2022.07.30"]
[Round "9"]
[White "Belkhodja, Slim"]
[Black "Lazo, Andrei"]
[Result "1/2-1/2"]
[WhiteElo "2322"]
[BlackElo "2234"]
[PlyCount "24"]
[SourceDate "2022.07.22"]

1. e4 e6 2. d4 d5 3. exd5 exd5 4. Qe2+ Qe7 5. Nc3 Nf6 6. Bg5 Nbd7 7. O-O-O Qxe2
8. Bxe2 h6 9. Bh4 c6 10. Nf3 Bb4 11. Bd3 O-O 12. Ne2 Nb6 1/2-1/2

[Event "Juvisy MI"]
[Site "?"]
[Date "2022.07.30"]
[Round "9"]
[White "Shirazi, Kamram"]
[Black "Bouget, Alexandre"]
[Result "1/2-1/2"]
[WhiteElo "2310"]
[BlackElo "2282"]
[PlyCount "33"]
[SourceDate "2022.07.22"]

1. e4 e6 2. d4 d5 3. exd5 exd5 4. Nf3 Nf6 5. Bd3 Bd6 6. O-O O-O 7. h3 h6 8. c4
c6 9. Nc3 Be6 10. cxd5 Nxd5 11. Ne5 Nd7 12. Re1 Nxc3 13. bxc3 Nxe5 14. dxe5 Bc5
15. Be3 Qe7 16. Bxc5 Qxc5 17. Re3 1/2-1/2

[Event "Juvisy MI"]
[Site "?"]
[Date "2022.07.31"]
[Round "9"]
[White "Droin, Augustin"]
[Black "Youssoupov, Moisse"]
[Result "1-0"]
[WhiteElo "2391"]
[BlackElo "2321"]
[PlyCount "57"]
[SourceDate "2022.07.22"]

1. e4 d6 2. d4 Nf6 3. Nc3 g6 4. Be3 Bg7 5. Qd2 Ng4 6. Bg5 h6 7. Bh4 c6 8. f3
Nf6 9. Bc4 b5 10. Bb3 a5 11. a3 a4 12. Ba2 Nbd7 13. f4 e5 14. Nf3 Qc7 15. fxe5
dxe5 16. dxe5 Nxe5 17. Nxe5 Qxe5 18. Bg3 Qg5 19. Bf4 Qg4 20. O-O O-O 21. Bxh6
Bxh6 22. Qxh6 Nxe4 23. Rxf7 Rxf7 24. Bxf7+ Kxf7 25. Qh7+ Kf8 26. h3 Qg3 27.
Nxe4 Qe3+ 28. Nf2 Bf5 29. Qh8+ 1-0

[Event "Juvisy MI"]
[Site "?"]
[Date "2022.07.31"]
[Round "9"]
[White "Bon, Michael"]
[Black "Bellahcene, Bilel"]
[Result "1-0"]
[WhiteElo "2413"]
[BlackElo "2514"]
[PlyCount "69"]
[SourceDate "2022.07.22"]

1. e4 c5 2. Nf3 d6 3. d4 cxd4 4. Nxd4 Nf6 5. Nc3 a6 6. Bg5 Nbd7 7. Bc4 Qb6 8.
Bb3 e6 9. Qd2 Be7 10. O-O-O Nc5 11. Rhe1 O-O 12. f4 Qc7 13. e5 dxe5 14. fxe5
Ne8 15. Bxe7 Qxe7 16. Ne4 Nxb3+ 17. Nxb3 b6 18. Qd4 Rb8 19. Re3 Kh8 20. Qd8 Qa7
21. Rc3 Qa8 22. Qe7 Kg8 23. Nf6+ Nxf6 24. exf6 Bb7 25. fxg7 Rfe8 26. Qf6 Be4
27. Nd4 Rbc8 28. Ne2 Rcd8 29. Rf1 Qb7 30. Nf4 Qd7 31. b3 Qd2+ 32. Kb2 Rd7 33.
Qh4 Bg6 34. Nxg6 fxg6 35. Rf8+ 1-0